NLSUI OPAC header image

Principles of criminology (Record no. 34060)

MARC details
000 -LEADER
fixed length control field 01683nam a2200229Ia 4500
003 - CONTROL NUMBER IDENTIFIER
control field OSt
005 - DATE AND TIME OF LATEST TRANSACTION
control field 20210624105711.0
008 - FIXED-LENGTH DATA ELEMENTS--GENERAL INFORMATION
fixed length control field 160316s2011 xxu||||| |||| 00| 0 eng d
020 ## - INTERNATIONAL STANDARD BOOK NUMBER
International Standard Book Number 9789350353615
040 ## - CATALOGING SOURCE
Transcribing agency n
082 ## - DEWEY DECIMAL CLASSIFICATION NUMBER
Classification number 364.000000
Item number SUT
100 ## - MAIN ENTRY--PERSONAL NAME
Personal name Sutherland E H
245 ## - TITLE STATEMENT
Title Principles of criminology
250 ## - EDITION STATEMENT
Edition statement 6th Rep
260 ## - PUBLICATION, DISTRIBUTION, ETC.
Place of publication, distribution, etc. Delhi
Name of publisher, distributor, etc. Gurjeet Publications
Date of publication, distribution, etc. 2011
300 ## - PHYSICAL DESCRIPTION
Extent 646p
Dimensions v
365 ## - TRADE PRICE
Price amount Rs. 395
505 ## - FORMATTED CONTENTS NOTE
Formatted contents note Contents: <br/>Part 1 The Study of Crime and Delinquency;<br/>Chapter 2 Criminology and Criminal Law;<br/>Chapter 3 The Sociology of Criminal Law;<br/>Chapter 4 Measures of Crime and Delinquency;<br/>Chapter 5 Perspectives and Methods;<br/>Chapter 6 A Sociological Theory of Criminal Behavior;<br/>Chapter 7 Crime, Delinquency, and Social Structure;<br/>Chapter 8 Physical and Mental Conditions;<br/>Chapter 9 Age, Sex, and Race Ratios;<br/>Chapter 10 Cultural Patterns;<br/>Chapter 11 Family Patterns and Processes;<br/>Chapter 12 Institutional Patterns;<br/>Chapter 13 Behavior Processes and Systems;<br/>Part 14 The Processing of Crime and Delinquency;<br/>Chapter 15 Variations in Punitive Policies;<br/>Chapter 16 Punitive Policies and Social Structure;<br/>Chapter 17 Intervention;<br/>Chapter 18 Policing;<br/>Chapter 19 Pretrial Release and Detention;<br/>Chapter 20 The Criminal Court;<br/>Chapter 21 The Juvenile Court;<br/>Chapter 22 Probation;<br/>Chapter 23 Development of American Prisons;<br/>Chapter 24 Objectives and Conditions of Imprisonment;<br/>Chapter 25 Prison Labor, Education, and Group Programs;<br/>Chapter 26 Prison Life;<br/>Chapter 27 Release from Prison;<br/>Chapter 28 Prevention of Crime and Delinquency
650 ## - SUBJECT ADDED ENTRY--TOPICAL TERM
Topical term or geographic name entry element 1.Criminology
700 ## - ADDED ENTRY--PERSONAL NAME
Personal name Cressey D R
--
942 ## - ADDED ENTRY ELEMENTS (KOHA)
Source of classification or shelving scheme Dewey Decimal Classification
Koha item type BOOKs
Holdings
Withdrawn status Lost status Damaged status Not for loan Home library Current library Shelving location Date acquired Cost, normal purchase price Total Checkouts Full call number Barcode Date last seen Price effective from Koha item type
        . .   30.05.2017 395.00   364 SUT 30443 30.05.2017 30.05.2017 BOOKs